Представление документа в формате MARC21

Поле Инд. ПП Название Значение
Тип записи a
Библиографический уровень m
001 Контрольный номер d08531ef2da94ac7b5c37099912351b4
005 Дата корректировки 20210226153103.7
008 Кодируемые данные 210211|||||||||ru |||||||||||||||||rus||
020 00 a ISBN 978-92-61-19124-5
084 a Индекс другой классификации/Индекс ББК 39.478.24+67.911
090 00 a Полочн. индекс 39.478
x Авторский знак Р 32
203 a Вид содержания Текст
c Тип средства непосредственное
245 00 a Заглавие Регламент радиосвязи. Т. 1. Статьи
c Ответственность Международный союз электросвязи
260 00 a Место издания Женева
b Издательство [б. и.]
c Дата издания 2016
300 00 a Объем VII, 430 с.
520 0_ a Аннотация Настоящий пересмотренный Регламент радиосвязи, дополняющий Устав и Конвенцию Международного союза электросвязи, включает в себя решения Всемирных конференций радиосвязи 1995 г. (ВКР-95), 1997 г. (ВКР-97), 2000 г. (ВКР-2000), 2003 г. (ВКР-03), 2007 г. (ВКР-07), 2012 г. (ВКР-12) и 2015 г. (ВКР-15). Большая часть положений настоящего Регламента вступает в силу с 1 января 2017 года; другие положения применимы с определенных дат, указанных в Статье 59 пересмотренного Регламента радиосвязи.
650 _4 a Основная рубрика Радиосвязь на морском транспорте-Нормативные документы
653 00 a Ключевые слова Безопасность мореплавания
a Ключевые слова Воздушные службы
a Ключевые слова Международные резолюции по радиосвязи
a Ключевые слова Международный союз электросвязи
a Ключевые слова Морская спутниковая радиосвязь
a Ключевые слова Морские службы
a Ключевые слова Радиосвязь судовая
a Ключевые слова Радиостанции
a Ключевые слова Радиотелеграфия Морзе
a Ключевые слова Регламент радиосвязи
900 a Имя макрообъекта Регламент радиосвязи. Т. 1. Статьи
901 t Тип документа m